000 00838cam a22002893a 4500
001 7264
003 PGUSA
005 20140828083142.0
008 050101s2005||||xxu|||||s|||||000 d eng d
040 _aPGUSA
_beng
042 _adc
050 4 _aPR
100 1 _aShakespeare, William,
_d1564-1616
245 1 0 _aEin St.-Johannis-Nachts-Traum
_h[electronic resource] /
_cWilliam Shakespeare
260 _bProject Gutenberg,
_c2005
506 _aPublic domain in the USA.
516 _aElectronic text
653 _aFairy plays
653 _aAthens (Greece) -- Drama
653 _aCourtship -- Drama
653 _aComedies
700 1 _aWieland, Christoph Martin,
_d1733-1813
740 0 _aMidsummer Night's Dream. German
830 0 _aProject Gutenberg
_v7264
856 4 0 _uhttp://www.gutenberg.org/ebooks/7264
942 _cEB
999 _c236584
_d236584